Natural disasters
Đã lưu trong:
| Hovedforfatter: | |
|---|---|
| Format: | Bog |
| Sprog: | Undetermined |
| Udgivet: |
Boston, MA.
McGraw-Hill
2006
|
| Fag: | |
| Tags: |
Tilføj Tag
Ingen Tags, Vær først til at tagge denne postø!
|
| Thư viện lưu trữ: | Trung tâm Học liệu Trường Đại học Cần Thơ |
|---|
| LEADER | 00484nam a2200193Ia 4500 | ||
|---|---|---|---|
| 001 | CTU_131189 | ||
| 008 | 210402s9999 xx 000 0 und d | ||
| 020 | |c 137.75 | ||
| 082 | |a 904.5 | ||
| 082 | |b A128 | ||
| 100 | |a Abbot, Patrick L. | ||
| 245 | 0 | |a Natural disasters | |
| 245 | 0 | |c Patrick L. Abbot | |
| 260 | |a Boston, MA. | ||
| 260 | |b McGraw-Hill | ||
| 260 | |c 2006 | ||
| 650 | |a Natural disasters | ||
| 904 | |i Minh | ||
| 980 | |a Trung tâm Học liệu Trường Đại học Cần Thơ | ||